000 00293nam a22001337a 4500
008 170622b xxu||||| |||| 00| 0 eng d
020 _a0673394840
041 _aeng
080 _24 ED
_a32
100 _a21
101 _aSHP
245 _aPOLITICAL THINKING
_cTINDER.G
942 _2udc
_cBK
999 _c18786
_d18786